[Event "Titled Tuesday intern op 13th Feb Early"]
[Site "Chess.com INT"]
[Date "2024.02.13"]
[Round "1"]
[White "Burmakin, Evgeniy"]
[Black "Klimchuk, Andriy"]
[Result "0-1"]
[WhiteElo "2166"]
[BlackElo "2405"]
[PlyCount "72"]
[EventDate "2024.02.13"]
[EventType "swiss (blitz)"]
[EventRounds "11"]
[EventCountry "USA"]
[SourceTitle "CB08_2024"]
[SourceDate "2024.02.21"]
[SourceVersion "1"]
[SourceVersionDate "2024.02.21"]
[SourceQuality "1"]

1. e4 c5 2. Nc3 Nc6 3. Bb5 g6 4. Bxc6 bxc6 5. f4 Bg7 6. Nf3 d6 7. 0-0 Nh6 8. d3 0-0 9. Qe1 f5 10. e5 Qc7 11. Bd2 Nf7 12. Qh4 dxe5 13. fxe5 Nxe5 14. Nxe5 Bxe5 15. Rae1 Rb8 16. b3 Rb4 17. Qh3 Bg7 18. Na4 Qd6 19. Bxb4 cxb4 20. Qh4 Bd4+ 21. Kh1 e5 22. Qg5 c5 23. Rf3 Bb7 24. Rh3 f4 25. Rf1 Rf7 26. Qg4 Kg7 27. Qh4 h5 28. Qg5 Rf5 29. Qh4 e4 30. dxe4 Bxe4 31. Rhf3 Bxf3 32. Rxf3 Qe5 33. Rf1 Qd5 34. Qe7+ Rf7 35. Qe8 f3 36. gxf3 Rxf3 0-1

[Event "Titled Tuesday intern op 16th Jan Early"]
[Site "Chess.com INT"]
[Date "2024.01.16"]
[Round "7"]
[White "Klimchuk, Andriy"]
[Black "Caspi, Israel"]
[Result "0-1"]
[WhiteElo "2405"]
[BlackElo "2468"]
[PlyCount "100"]
[EventDate "2024.01.16"]
[EventType "swiss (blitz)"]
[EventRounds "11"]
[EventCountry "USA"]
[SourceTitle "CB04_2024"]
[SourceDate "2023.10.16"]
[SourceVersion "1"]
[SourceVersionDate "2023.10.16"]
[SourceQuality "1"]

1. e4 e5 2. Nf3 Nf6 3. Nxe5 d6 4. Nf3 Nxe4 5. Nc3 Nxc3 6. dxc3 Be7 7. Be3 0-0 8. Qd2 Nd7 9. 0-0-0 c6 10. h4 d5 11. Kb1 Re8 12. c4 Nb6 13. cxd5 Nxd5 14. Bd4 Bg4 15. Bc4 Bf6 16. Bxf6 Qxf6 17. Bxd5 cxd5 18. Qd4 Qxd4 19. Rxd4 Bxf3 20. gxf3 Re2 21. Rf1 Rae8 22. Kc1 R2e5 23. Rfd1 Rh5 24. a4 Kf8 25. a5 a6 26. Rb4 Re7 27. Rd3 Ke8 28. Re3 Re6 29. Rxe6+ fxe6 30. Rxb7 Rxh4 31. Rb6 Ke7 32. Rxa6 h5 33. Ra7+ Kf6 34. b3 Rb4 35. Kb2 h4 36. Ra8 Rb5 37. Ka3 g5 38. b4 Kg7 39. Re8 Kf7 40. Rh8 Kg7 41. Re8 Kf7 42. Rc8 Kg7 43. Ka4 h3 44. Rc7+ Kg6 45. Rc8 Rb7 46. Rh8 Rh7 47. Rg8+ Kf6 48. Rf8+ Ke5 49. f4+ gxf4 50. Rf7 Rxf7 0-1

[Event "Titled Tuesday intern op 16th Jan Early"]
[Site "Chess.com INT"]
[Date "2024.01.16"]
[Round "6"]
[White "Zhigalko, Sergei"]
[Black "Klimchuk, Andriy"]
[Result "1-0"]
[WhiteElo "2572"]
[BlackElo "2405"]
[PlyCount "69"]
[EventDate "2024.01.16"]
[EventType "swiss (blitz)"]
[EventRounds "11"]
[EventCountry "USA"]
[SourceTitle "CB04_2024"]
[SourceDate "2023.10.16"]
[SourceVersion "1"]
[SourceVersionDate "2023.10.16"]
[SourceQuality "1"]

1. e4 c6 2. d4 d5 3. e5 Bf5 4. Nf3 e6 5. Be2 Nd7 6. 0-0 a6 7. Nbd2 h6 8. c4 Ne7 9. c5 a5 10. a4 b6 11. Nb3 g5 12. Bd2 Ng6 13. Ne1 Nf4 14. Bxf4 gxf4 15. Bd3 Qg5 16. cxb6 Nxb6 17. Qc2 Kd7 18. Bxf5 exf5 19. Nf3 Qh5 20. e6+ fxe6 21. Ne5+ Ke7 22. Qxc6 Rg8 23. Qxb6 f3 24. Qb7+ Kf6 25. g3 Bd6 26. Nc5 Rad8 27. Ncd7+ Rxd7 28. Nxd7+ Kg6 29. Qb3 Qg4 30. Ra3 Rd8 31. Ne5+ Bxe5 32. dxe5 Rb8 33. Qxb8 Qh3 34. Qg8+ Kh5 35. Rxf3 1-0

[Event "Titled Tuesday intern op 12th Dec Early"]
[Site "Chess.com INT"]
[Date "2023.12.12"]
[Round "10"]
[White "Klimchuk, Andriy"]
[Black "Drygalov, Sergey"]
[Result "0-1"]
[WhiteElo "2405"]
[BlackElo "2547"]
[PlyCount "92"]
[EventDate "2023.12.12"]
[EventType "swiss (blitz)"]
[EventRounds "11"]
[EventCountry "USA"]
[SourceTitle "CB51_2023"]
[SourceDate "2023.12.20"]
[SourceVersion "1"]
[SourceVersionDate "2023.12.20"]
[SourceQuality "1"]

1. e4 c5 2. Nf3 e6 3. d4 cxd4 4. Nxd4 a6 5. Bd3 Bc5 6. Nb3 Ba7 7. c4 Nc6 8. Qe2 d6 9. Be3 Nge7 10. 0-0 0-0 11. Nc3 Ng6 12. Bxa7 Rxa7 13. Qe3 e5 14. Nd5 Be6 15. Rfd1 a5 16. a4 Ra8 17. Bf1 Bxd5 18. cxd5 Nb4 19. Rac1 f5 20. exf5 Rxf5 21. g3 Rf8 22. Bh3 Ne7 23. Be6+ Kh8 24. Rc4 Nf5 25. Qe4 Ne7 26. Nxa5 Qxa5 27. Rxb4 Qc5 28. Rf1 b6 29. Rc4 Qa5 30. b3 b5 31. Rb4 bxa4 32. Rxa4 Qc5 33. Rxa8 Rxa8 34. b4 Qb6 35. Rc1 Rb8 36. Rc4 Rf8 37. Rc2 Qb5 38. Kg2 Qb6 39. h4 Ng8 40. Bxg8 Kxg8 41. f3 Rb8 42. Qg4 Qa6 43. Qd7 Rf8 44. b5 Qa4 45. Qe6+ Kh8 46. Qxd6 Qxc2+ 0-1

[Event "Titled Tuesday intern op 12th Dec Early"]
[Site "Chess.com INT"]
[Date "2023.12.12"]
[Round "4"]
[White "Klimchuk, Andriy"]
[Black "Sarana, Alexey"]
[Result "1-0"]
[WhiteElo "2405"]
[BlackElo "2688"]
[PlyCount "55"]
[EventDate "2023.12.12"]
[EventType "swiss (blitz)"]
[EventRounds "11"]
[EventCountry "USA"]
[SourceTitle "CB51_2023"]
[SourceDate "2023.12.20"]
[SourceVersion "1"]
[SourceVersionDate "2023.12.20"]
[SourceQuality "1"]

1. e4 c5 2. Nf3 d6 3. d4 cxd4 4. Nxd4 Nf6 5. Nc3 a6 6. f4 e5 7. Nf3 Qc7 8. Bd3 Be7 9. 0-0 0-0 10. a4 Nbd7 11. Kh1 Nc5 12. Qe1 Be6 13. f5 Bd7 14. g4 d5 15. g5 Nfxe4 16. Nxd5 Qd8 17. Bxe4 Nxe4 18. Qxe4 Bc6 19. c4 Re8 20. f6 Bc5 21. fxg7 Re6 22. Be3 Bxe3 23. Qxe3 Bxd5 24. cxd5 Qxd5 25. Rad1 Qc6 26. Rfe1 Qxa4 27. Qe4 Rae8 28. Qxa4 1-0

[Event "Kiev Chess School 3rd"]
[Site "Kiev"]
[Date "2017.10.27"]
[Round "8"]
[White "Klimchuk, Andriy"]
[Black "Vovk, Orest"]
[Result "1/2-1/2"]
[WhiteElo "2411"]
[BlackElo "2279"]
[PlyCount "76"]
[EventDate "2017.10.24"]
[EventType "tourn"]
[EventRounds "11"]
[EventCountry "UKR"]
[EventCategory "1"]
[SourceTitle "EXT 2019"]
[Source "ChessBase"]
[SourceDate "2018.10.10"]
[SourceVersion "1"]
[SourceVersionDate "2018.10.10"]
[SourceQuality "1"]

1. e4 Nf6 2. e5 Nd5 3. c4 Nb6 4. a4 d6 5. a5 N6d7 6. exd6 exd6 7. d4 Be7 8. Bd3 Bf6 9. Ne2 Nc6 10. Be3 Nb4 11. 0-0 Nxd3 12. Qxd3 0-0 13. Nbc3 Re8 14. Ne4 Nf8 15. Nxf6+ Qxf6 16. b4 a6 17. h3 Qg6 18. Qxg6 Nxg6 19. Nf4 Nxf4 20. Bxf4 Re4 21. Be3 Be6 22. Rfc1 c6 23. Ra3 Bd7 24. f3 Re6 25. Kf2 d5 26. cxd5 cxd5 27. Rc7 Bc6 28. Bf4 Rae8 29. Re3 Rxe3 30. Bxe3 h6 31. Bf4 Re6 32. Rc8+ Kh7 33. Rb8 Re8 34. Rxe8 Bxe8 35. Ke3 Kg6 36. Bc7 Kf5 37. g4+ Ke6 38. f4 g6 1/2-1/2

[Event "Kiev Chess School 3rd"]
[Site "Kiev"]
[Date "2017.10.26"]
[Round "6"]
[White "Klimchuk, Andriy"]
[Black "Semenov, Dmitri"]
[Result "1/2-1/2"]
[WhiteElo "2411"]
[BlackElo "2420"]
[PlyCount "37"]
[EventDate "2017.10.24"]
[EventType "tourn"]
[EventRounds "11"]
[EventCountry "UKR"]
[EventCategory "1"]
[SourceTitle "EXT 2019"]
[Source "ChessBase"]
[SourceDate "2018.10.10"]
[SourceVersion "1"]
[SourceVersionDate "2018.10.10"]
[SourceQuality "1"]

1. e4 c5 2. c4 Nc6 3. Nf3 e6 4. Nc3 g6 5. d4 cxd4 6. Nxd4 a6 7. Be3 Bg7 8. Qd2 Nge7 9. Be2 0-0 10. 0-0 d5 11. cxd5 exd5 12. Nxc6 bxc6 13. exd5 Nxd5 14. Nxd5 Qxd5 15. Qxd5 cxd5 16. Rad1 Bxb2 17. Bf3 Be6 18. Bxd5 Bxd5 19. Rxd5 1/2-1/2

[Event "Kiev Chess School 3rd"]
[Site "Kiev"]
[Date "2017.10.25"]
[Round "4"]
[White "Klimchuk, Andriy"]
[Black "Gerasimenyk, Mihail"]
[Result "1-0"]
[WhiteElo "2411"]
[BlackElo "2147"]
[PlyCount "55"]
[EventDate "2017.10.24"]
[EventType "tourn"]
[EventRounds "11"]
[EventCountry "UKR"]
[EventCategory "1"]
[SourceTitle "EXT 2019"]
[Source "ChessBase"]
[SourceDate "2018.10.10"]
[SourceVersion "1"]
[SourceVersionDate "2018.10.10"]
[SourceQuality "1"]

1. e4 e5 2. f4 exf4 3. Nf3 d6 4. Bc4 Bg4 5. 0-0 Qf6 6. d4 Nc6 7. c3 0-0-0 8. h3 Bd7 9. b4 Qg6 10. Nh4 Qg3 11. Nf5 Bxf5 12. exf5 g5 13. fxg6 Qxg6 14. Bxf4 Nf6 15. Bd3 Ne4 16. Bxe4 Qxe4 17. Nd2 Qg6 18. Qf3 Bg7 19. b5 Nxd4 20. cxd4 Bxd4+ 21. Kh2 Bxa1 22. Rxa1 Qc2 23. a4 Qb2 24. Qf1 Rhe8 25. a5 Qd4 26. b6 axb6 27. axb6 Qxb6 28. Bg5 1-0

[Event "Lutsk Nebesna Sotnya Memorial rapid"]
[Site "Lutsk"]
[Date "2017.02.18"]
[Round "4"]
[White "Bortnyk, Mykola"]
[Black "Klimchuk, Andriy"]
[Result "1-0"]
[WhiteElo "2428"]
[BlackElo "2411"]
[PlyCount "55"]
[EventDate "2017.02.18"]
[EventType "swiss (rapid)"]
[EventRounds "11"]
[EventCountry "UKR"]
[SourceTitle "CBM 176 Extra"]
[Source "ChessBase"]
[SourceDate "2017.03.02"]
[SourceVersion "1"]
[SourceVersionDate "2017.03.02"]
[SourceQuality "1"]

1. e4 g6 2. d4 Bg7 3. Nc3 d6 4. h3 Nf6 5. g4 c5 6. Nge2 Qa5 7. Bg2 0-0 8. 0-0 cxd4 9. Nxd4 Nc6 10. Be3 Nxd4 11. Bxd4 h5 12. f3 Be6 13. Qd2 hxg4 14. hxg4 Nd7 15. Rad1 Bxd4+ 16. Qxd4 g5 17. Kf2 Qc5 18. Qxc5 Nxc5 19. Ke3 Rac8 20. Rh1 f6 21. Nb5 Na4 22. Nd4 Bd7 23. Bf1 Kg7 24. Bb5 Bxb5 25. Nf5+ Kg8 26. Nxe7+ Kf7 27. Rh7+ Ke6 28. Nf5 1-0

[Event "Lutsk Nebesna Sotnya Memorial blitz"]
[Site "Lutsk"]
[Date "2017.02.17"]
[Round "7"]
[White "Galperin, Platon"]
[Black "Klimchuk, Andriy"]
[Result "1-0"]
[WhiteElo "2233"]
[BlackElo "2411"]
[PlyCount "75"]
[EventDate "2017.02.17"]
[EventType "swiss (blitz)"]
[EventRounds "15"]
[EventCountry "UKR"]
[SourceTitle "CBM 176 Extra"]
[Source "ChessBase"]
[SourceDate "2017.03.02"]
[SourceVersion "1"]
[SourceVersionDate "2017.03.02"]
[SourceQuality "1"]

1. Nf3 g6 2. e4 Bg7 3. d4 d6 4. Bc4 a6 5. Qe2 e6 6. c3 Ne7 7. Bf4 Nd7 8. Nbd2 h6 9. h3 b5 10. Bd3 Nb6 11. 0-0 Bb7 12. e5 0-0 13. Ne4 Nf5 14. exd6 cxd6 15. g4 Nh4 16. Nxh4 Qxh4 17. Bxd6 Qxh3 18. Bxf8 Rxf8 19. f3 Qh4 20. Qh2 Qd8 21. Qd6 Qh4 22. Kg2 Bxe4 23. fxe4 Qxg4+ 24. Qg3 Qxg3+ 25. Kxg3 Rd8 26. Rad1 f5 27. Rfe1 Kf7 28. Re2 Bf6 29. Rde1 Na4 30. exf5 exf5 31. Re6 Nxb2 32. Bc2 Rc8 33. Bb3 Kg7 34. Rxa6 Rxc3+ 35. Kg2 Nd3 36. Ra7+ Kf8 37. Rf7+ Kg8 38. Re8# 1-0

[Event "Lutsk Nebesna Sotnya Memorial blitz"]
[Site "Lutsk"]
[Date "2017.02.17"]
[Round "14"]
[White "Klimchuk, Andriy"]
[Black "Gritsak, Orest"]
[Result "1/2-1/2"]
[WhiteElo "2411"]
[BlackElo "2497"]
[PlyCount "69"]
[EventDate "2017.02.17"]
[EventType "swiss (blitz)"]
[EventRounds "15"]
[EventCountry "UKR"]
[SourceTitle "CBM 176 Extra"]
[Source "ChessBase"]
[SourceDate "2017.03.02"]
[SourceVersion "1"]
[SourceVersionDate "2017.03.02"]
[SourceQuality "1"]

1. e4 c6 2. d4 d5 3. e5 Bf5 4. Nc3 Qb6 5. Na4 Qc7 6. g4 Bd7 7. Nc5 e6 8. Nxd7 Nxd7 9. c3 Ne7 10. Bd3 c5 11. Ne2 Nc6 12. 0-0 Qb6 13. Be3 Be7 14. f4 cxd4 15. cxd4 0-0-0 16. a3 Kb8 17. b4 Rc8 18. Qd2 f6 19. Rac1 h5 20. g5 a5 21. b5 Na7 22. a4 f5 23. g6 Rh6 24. Kh1 Bb4 25. Rxc8+ Nxc8 26. Qc2 Rxg6 27. Ng1 Qc7 28. Qe2 Rh6 29. Rc1 Qd8 30. Nf3 Ncb6 31. Ng5 Qe7 32. Qc2 Rh8 33. Qd1 g6 34. Nf3 Rc8 35. Ng1 1/2-1/2

[Event "Lutsk Nebesna Sotnya Memorial rap"]
[Site "Lutsk"]
[Date "2016.02.21"]
[Round "7"]
[White "Onischuk, Vladimir"]
[Black "Klimchuk, Andriy"]
[Result "1-0"]
[WhiteElo "2614"]
[BlackElo "2428"]
[PlyCount "101"]
[EventDate "2016.02.20"]
[EventType "swiss (rapid)"]
[EventRounds "11"]
[EventCountry "UKR"]
[SourceTitle "CBM 171 Extra"]
[Source "ChessBase"]
[SourceDate "2016.04.26"]
[SourceVersion "1"]
[SourceVersionDate "2016.04.26"]
[SourceQuality "1"]

1. e4 c5 2. Nf3 Nc6 3. Bb5 g6 4. Bxc6 bxc6 5. 0-0 Bg7 6. h3 Nh6 7. Re1 0-0 8. c3 d6 9. d4 cxd4 10. cxd4 f6 11. Nc3 Nf7 12. b3 Qa5 13. Bd2 Qh5 14. Ne2 Ng5 15. Nxg5 fxg5 16. Be3 Bxh3 17. Ng3 Qxd1 18. Raxd1 Bd7 19. Bxg5 Kf7 20. e5 d5 21. Ne2 e6 22. Nc3 Rfc8 23. Na4 Bf8 24. Rc1 h6 25. Bd2 g5 26. Re3 Rab8 27. Rg3 Be7 28. f4 Rg8 29. fxg5 hxg5 30. Nc5 Bxc5 31. Rxc5 g4 32. Ra5 Rb7 33. Bc1 Be8 34. Ba3 Rg5 35. Bc5 Kg6 36. Rxa7 Rxa7 37. Bxa7 Kf5 38. Kf2 Kf4 39. Bc5 Rg8 40. a4 Bd7 41. b4 Bc8 42. b5 cxb5 43. axb5 Bd7 44. b6 Bb5 45. Rb3 g3+ 46. Ke1 Bc6 47. Rf3+ Ke4 48. Kd2 Ra8 49. Rxg3 Ra2+ 50. Kc3 Ra1 51. Kb2 1-0

[Event "Lutsk Nebesna Sotnya Memorial rap"]
[Site "Lutsk"]
[Date "2016.02.20"]
[Round "5"]
[White "Oleksienko, Mikhailo"]
[Black "Klimchuk, Andriy"]
[Result "1/2-1/2"]
[WhiteElo "2618"]
[BlackElo "2428"]
[PlyCount "101"]
[EventDate "2016.02.20"]
[EventType "swiss (rapid)"]
[EventRounds "11"]
[EventCountry "UKR"]
[SourceTitle "CBM 171 Extra"]
[Source "ChessBase"]
[SourceDate "2016.04.26"]
[SourceVersion "1"]
[SourceVersionDate "2016.04.26"]
[SourceQuality "1"]

1. e4 c5 2. Nf3 Nc6 3. d4 cxd4 4. Nxd4 g6 5. c4 Bg7 6. Be3 Nf6 7. Nc3 0-0 8. Be2 d6 9. Qd2 Nxd4 10. Bxd4 Bd7 11. 0-0 Bc6 12. f3 a5 13. b3 Nd7 14. Be3 Nc5 15. Rab1 Be5 16. g3 e6 17. Rbd1 Qe7 18. Bg5 f6 19. Be3 f5 20. exf5 Rxf5 21. Bd4 Bxd4+ 22. Qxd4 Raf8 23. Qxd6 Qxd6 24. Rxd6 Bxf3 25. Rxf3 Rxf3 26. Bxf3 Rxf3 27. Ne2 Rd3 28. Rxd3 Nxd3 29. Kg2 Kf7 30. Kf3 Nc5 31. Nc3 Ke7 32. Ke3 Kd6 33. Nb5+ Ke5 34. Nd4 Kf6 35. Nf3 e5 36. g4 h5 37. h3 hxg4 38. hxg4 e4 39. Nd2 Kg5 40. a3 Kxg4 41. b4 axb4 42. axb4 Na6 43. b5 Nb8 44. Nxe4 b6 45. Kd4 Kf4 46. Kd5 Nd7 47. c5 bxc5 48. Nxc5 Nb6+ 49. Kc6 Nc4 50. Nd3+ Ke3 51. Nc5 1/2-1/2

[Event "Lutsk Nebesna Sotnya Memorial blitz"]
[Site "Lutsk"]
[Date "2016.02.19"]
[Round "7"]
[White "Klimchuk, Andriy"]
[Black "Babiy, Igor"]
[Result "1-0"]
[WhiteElo "2428"]
[BlackElo "2234"]
[PlyCount "41"]
[EventDate "2016.02.19"]
[EventType "swiss (blitz)"]
[EventRounds "22"]
[EventCountry "UKR"]
[SourceTitle "CBM 170 Extra"]
[Source "ChessBase"]
[SourceDate "2016.02.25"]
[SourceVersion "1"]
[SourceVersionDate "2016.02.25"]
[SourceQuality "1"]

1. g3 d5 2. Bg2 Nf6 3. Nf3 Bf5 4. 0-0 e6 5. c4 c6 6. cxd5 cxd5 7. Qb3 Qb6 8. Qxb6 axb6 9. d3 Nc6 10. Nc3 h6 11. a3 g5 12. Nb5 Kd7 13. Bd2 Bg7 14. Rac1 Ne8 15. Bc3 Bxc3 16. Rxc3 Ra5 17. Nbd4 Nd6 18. Rfc1 Rc8 19. Nxc6 Rxc6 20. Ne5+ Ke7 21. Rxc6 1-0

[Event "Lutsk Nebesna Sotnya Memorial blitz"]
[Site "Lutsk"]
[Date "2016.02.19"]
[Round "18"]
[White "Klimchuk, Andriy"]
[Black "Bogdanovich, Stanislav"]
[Result "0-1"]
[WhiteElo "2428"]
[BlackElo "2590"]
[PlyCount "50"]
[EventDate "2016.02.19"]
[EventType "swiss (blitz)"]
[EventRounds "22"]
[EventCountry "UKR"]
[SourceTitle "CBM 170 Extra"]
[Source "ChessBase"]
[SourceDate "2016.02.25"]
[SourceVersion "1"]
[SourceVersionDate "2016.02.25"]
[SourceQuality "1"]

1. g3 d5 2. Bg2 Nf6 3. Nf3 c6 4. 0-0 Bg4 5. c4 Nbd7 6. cxd5 cxd5 7. Qb3 Qb6 8. Nc3 Bxf3 9. Bxf3 e6 10. Qxb6 Nxb6 11. d3 Kd7 12. e4 Bb4 13. exd5 Nbxd5 14. Nxd5 Nxd5 15. Be3 Kd6 16. a3 Ba5 17. Bd4 f6 18. Rfc1 Bb6 19. Bxb6 axb6 20. Bxd5 exd5 21. Rc3 Rhc8 22. Rac1 Rc5 23. d4 Rc6 24. f3 Ra4 25. b4 Rxa3 0-1

[Event "Lutsk Nebesna Sotnya Memorial blitz"]
[Site "Lutsk"]
[Date "2016.02.19"]
[Round "9"]
[White "Klimchuk, Andriy"]
[Black "Grekh, Andrey"]
[Result "1-0"]
[WhiteElo "2428"]
[BlackElo "2347"]
[PlyCount "63"]
[EventDate "2016.02.19"]
[EventType "swiss (blitz)"]
[EventRounds "22"]
[EventCountry "UKR"]
[SourceTitle "CBM 170 Extra"]
[Source "ChessBase"]
[SourceDate "2016.02.25"]
[SourceVersion "1"]
[SourceVersionDate "2016.02.25"]
[SourceQuality "1"]

1. g3 g6 2. Bg2 Bg7 3. Nf3 Nc6 4. d4 d5 5. 0-0 Nf6 6. c4 e6 7. cxd5 exd5 8. Nc3 0-0 9. Bf4 a6 10. Rc1 Bf5 11. Ne5 Ne7 12. h3 h5 13. Qb3 b6 14. Rfd1 Ne4 15. Nxe4 Bxe4 16. Bxe4 dxe4 17. Nc6 Nxc6 18. Rxc6 Qd7 19. Rxg6 Kh7 20. Rg5 Qxh3 21. Qd5 f5 22. Rc1 c5 23. dxc5 Rad8 24. Qe6 Rf6 25. Rxg7+ Kxg7 26. Be5 Rdf8 27. cxb6 Kg6 28. Bxf6 Rxf6 29. Qg8+ Kh6 30. Rc7 Rg6 31. Rh7+ Kg5 32. Rg7 1-0

[Event "Lutsk Nebesna Sotnya Memorial blitz"]
[Site "Lutsk"]
[Date "2016.02.19"]
[Round "5"]
[White "Klimchuk, Andriy"]
[Black "Reprintsev, Alexander"]
[Result "0-1"]
[WhiteElo "2428"]
[BlackElo "2321"]
[PlyCount "92"]
[EventDate "2016.02.19"]
[EventType "swiss (blitz)"]
[EventRounds "22"]
[EventCountry "UKR"]
[SourceTitle "CBM 170 Extra"]
[Source "ChessBase"]
[SourceDate "2016.02.25"]
[SourceVersion "1"]
[SourceVersionDate "2016.02.25"]
[SourceQuality "1"]

1. g3 d5 2. Bg2 Nc6 3. d3 Bg4 4. Nf3 Qd7 5. h3 Bxf3 6. Bxf3 f5 7. 0-0 0-0-0 8. Bg2 h5 9. h4 Nf6 10. Bg5 e6 11. Nd2 Be7 12. c4 Ng4 13. cxd5 exd5 14. Nf3 Rhe8 15. Bxe7 Qxe7 16. e3 d4 17. exd4 Nxd4 18. Qa4 Ne2+ 19. Kh1 Qc5 20. d4 Nxd4 21. Rac1 Qb6 22. Nxd4 Qxd4 23. Rc4 Qb6 24. Rb4 Qa6 25. Bxb7+ Qxb7+ 26. Rxb7 Kxb7 27. Kg2 Re5 28. Rc1 Rd6 29. Qc4 c6 30. Qf7+ Kb6 31. Rc2 g6 32. Qf8 Rd7 33. Qb8+ Rb7 34. Qd8+ Rc7 35. Qd4+ Kb7 36. Qb4+ Rb5 37. Qc3 Rb6 38. Re2 c5 39. Re8 c4 40. a4 a6 41. Qh8 Rd6 42. Rb8+ Kc6 43. Qe8+ Rcd7 44. a5 Kc5 45. f3 Rd2+ 46. Kf1 Rd1+ 0-1

[Event "Lutsk Nebesna Sotnya Memorial blitz"]
[Site "Lutsk"]
[Date "2016.02.19"]
[Round "20"]
[White "Rakhmangulov, Andrei"]
[Black "Klimchuk, Andriy"]
[Result "1/2-1/2"]
[WhiteElo "2318"]
[BlackElo "2428"]
[PlyCount "40"]
[EventDate "2016.02.19"]
[EventType "swiss (blitz)"]
[EventRounds "22"]
[EventCountry "UKR"]
[SourceTitle "CBM 170 Extra"]
[Source "ChessBase"]
[SourceDate "2016.02.25"]
[SourceVersion "1"]
[SourceVersionDate "2016.02.25"]
[SourceQuality "1"]

1. d4 d5 2. c4 dxc4 3. Nc3 e6 4. e3 a6 5. Bxc4 Nf6 6. Nf3 c5 7. 0-0 cxd4 8. Qxd4 Qxd4 9. Nxd4 b5 10. Be2 Bb7 11. Bf3 Bxf3 12. Nxf3 Nbd7 13. Rd1 Bc5 14. b3 Ke7 15. Bb2 Rac8 16. Rac1 Rhd8 17. Kf1 Ke8 18. h3 Nb6 19. Rxd8+ Kxd8 20. Rd1+ Ke8 1/2-1/2